Inventory of compulsory services in Ptolemaic and Roman Egypt /

محفوظ في:

المؤلف الرئيسي: Lewis, Naphtali (مؤلف)

مؤلف مشترك: American Society of Papyrologists.

التنسيق: كتاب

اللغة: English
Ancient Greek

منشور في: New Haven : American Society of Papyrologists, 1968-

سلاسل: American Studies in Papyrology ; 3.
ASP ; 3.

الموضوعات:

الوسوم: إضافة وسم

لا توجد وسوم, كن أول من يضع وسما على هذه التسجيلة!

رقم الطلب: PA3339 .A51 v.3

LEADER 01046nam a22003137a 4500
003 OSt
005 20250929114806.0
008 250929t19689999ctu b 000 0 eng d
010 |a 79081536 
040 |c ARCE Library 
041 0 |a eng  |a grc 
050 1 4 |a PA3339   |b .A51 v.3 
100 1 |a Lewis, Naphtali,  |e author 
245 1 0 |a Inventory of compulsory services in Ptolemaic and Roman Egypt /  |c Naphtali Lewis. 
264 1 |a New Haven :  |b American Society of Papyrologists,  |c 1968- 
300 |a 1 volume (loose-leaf) ;   |c 30 cm. 
490 1 |a American Studies in Papyrology ;   |v 3. 
490 1 |a ASP ;   |v 3. 
504 |a Includes bibliographical references. 
546 |a English or Greek. 
651 0 |a Egypt  |x Officials and employees. 
651 0 |a Egypt  |x Politics and government  |y 30 B.C.-640 A.D. 
651 0 |a Egypt  |x Politics and government  |y 332-30 B.C. 
710 2 |a American Society of Papyrologists. 
830 0 |a American Studies in Papyrology ;   |v 3. 
830 0 |a ASP ;   |v 3. 
901 |a reviewed 
942 |c BK  |2 lcc 
999 |c 22317  |d 22317